| 000 | 01250cam a22003374a 4500 | ||
|---|---|---|---|
| 001 | 1765 | ||
| 003 | FISKH | ||
| 005 | 20231005120558.0 | ||
| 008 | 020408s2002 nyua b 001 0 eng | ||
| 010 | _a 2002005484 | ||
| 020 | _a0516225715 | ||
| 040 |
_aDLC _cDLC _dDLC _beng |
||
| 042 |
_apcc _alcac |
||
| 050 | 0 | 0 |
_aRA781 _b.G67 2002 |
| 082 | 0 | 0 |
_a613.7/1 _221 |
| 100 | 1 | _aGordon, Sharon. | |
| 245 | 1 | 0 |
_aExercise / _cby Sharon Gordon. |
| 260 |
_aNew York : _bScholastic, _c2002. |
||
| 300 |
_a31 pages : _bcolor illustrations ; _c19 cm. |
||
| 440 | 0 | _aRookie read-about health | |
| 505 | _aJ | ||
| 520 | _aThe popular Rookie Books expand their horizons - to all corners of the globe! With this series all about geography, emergent readers will take off on adventures to cities, nations, waterways, and habitats around the world...and right in their own backyards. | ||
| 521 | 8 |
_a440
_bLexile |
|
| 521 | 8 |
_aJ
_bRaz-Plus |
|
| 650 | 0 |
_aExercise _vJuvenile literature. |
|
| 650 | 0 |
_aPhysical fitness _vJuvenile literature. |
|
| 650 | 1 | _aExercise. | |
| 906 |
_a7 _bcbc _corignew _d1 _eecip _f20 _gy-gencatlg |
||
| 942 |
_2ddc _cBK _n0 |
||
| 999 |
_c1765 _d1765 |
||